000
00182nam a2200073Ia 4500
008
170524s9999 xx 000 0 und d
100
_a
RAO- K RAMA MOHAN
245
0
_a
SERVICES MARKETING
260
_b
PEARSON EDUCATION
999
_c
8106
_d
8106